Constitución de la provincia de Santa Fe. Honorable convención constituyente, julio 1° - 1949 - agosto 27.

Guardado en:
Formato: Libro
Idioma:Spanish
Publicado: Santa Fe : Irarkola, 1949.
Etiquetas: Agregar Etiqueta
Sin Etiquetas, Sea el primero en etiquetar este registro!
LEADER 00483nam a22001455a 4500
001 EUN.um016409
003 AR-BaUNS
005 20050623122857.0
008 041125s1949####ag############000#0#spa#d
245 1 0 |a Constitución de la provincia de Santa Fe. Honorable convención constituyente, julio 1° - 1949 - agosto 27. 
260 |a Santa Fe :  |b Irarkola,  |c 1949. 
300 |a 59 p. 
082 0 4 |a 342.822 
110 2 |c Santa Fe (provincia). 
859 |a Ar-BaUNS  |b BIB. CENTRAL - Sector C  |h 342.822  |i Sa59  |p 802/956